Report of the panel on the assessment of the extent of unemployment and under employment (Record no. 495704)

000 -LEADER
fixed length control field 00378cam a22001097a 4500
008 - FIXED-LENGTH DATA ELEMENTS--GENERAL INFORMATION
fixed length control field 180718b1972 xxu||||| |||| 00| 0 eng d
082 ## - DEWEY DECIMAL CLASSIFICATION NUMBER
Classification number R112x54 In2p
245 ## - TITLE STATEMENT
Title Report of the panel on the assessment of the extent of unemployment and under employment
Statement of responsibility, etc. by Committee of Unemployment
260 ## - PUBLICATION, DISTRIBUTION, ETC.
Place of publication, distribution, etc. New Delhi
Name of publisher, distributor, etc.
Date of publication, distribution, etc. 1972
300 ## - PHYSICAL DESCRIPTION
Extent 577p.
700 ## - ADDED ENTRY--PERSONAL NAME
Personal name India. Committee of Unemployment
Holdings
Withdrawn status Lost status Damaged status Not for loan Permanent Location Current Location Date acquired Full call number Barcode Date last seen Price effective from Koha item type
        Indian Institute of Public Administration Indian Institute of Public Administration 2018-08-04 R112x54 In2p G13068 2018-08-04 2018-08-04 G

Powered by Koha